ICT empowerment with MS office application / (Record no. 1255)

MARC details
000 -LEADER
fixed length control field 00944nam a22002417a 4500
005 - DATE AND TIME OF LATEST TRANSACTION
control field 20240522014652.0
008 - FIXED-LENGTH DATA ELEMENTS--GENERAL INFORMATION
fixed length control field 230217b |||||||| |||| 00| 0 eng d
020 ## - INTERNATIONAL STANDARD BOOK NUMBER
International Standard Book Number 978-621-427-028-6
082 ## - DEWEY DECIMAL CLASSIFICATION NUMBER
Classification number Fil. 005.5 In43 2018
100 ## - MAIN ENTRY--PERSONAL NAME
Personal name Abante, Marmelo V.
Relator term author
245 ## - TITLE STATEMENT
Title ICT empowerment with MS office application /
Statement of responsibility, etc. Marmelo V. Abante, Dan Michael A. Cortez, Mark Raffy M. Noenes, Dean Myra Santos, Jedric Jgabe B. Santos, Marygin E. Sarmiento
260 ## - PUBLICATION, DISTRIBUTION, ETC.
Place of publication, distribution, etc. Manila:
Name of publisher, distributor, etc. Unlimited Books Library Services & Publishing,
Date of publication, distribution, etc. c2018.
300 ## - PHYSICAL DESCRIPTION
Extent viii, 453p.;
Other physical details ill.
504 ## - BIBLIOGRAPHY, ETC. NOTE
Bibliography, etc. note Includes references
541 ## - IMMEDIATE SOURCE OF ACQUISITION NOTE
Accession number 5916 c.1, 5917 c.2
650 ## - SUBJECT ADDED ENTRY--TOPICAL TERM
Topical term or geographic name entry element Microsoft office
650 ## - SUBJECT ADDED ENTRY--TOPICAL TERM
Topical term or geographic name entry element Business - Computer program
700 ## - ADDED ENTRY--PERSONAL NAME
Personal name Cortez, Dan MIchael A.
Relator term author
700 ## - ADDED ENTRY--PERSONAL NAME
Personal name Santos, Dean Myra
Relator term author
700 ## - ADDED ENTRY--PERSONAL NAME
Personal name Noenes, Mark Raffy M.
Relator term author
700 ## - ADDED ENTRY--PERSONAL NAME
Personal name Santos, Jedric Jgabe B.
Relator term author
700 ## - ADDED ENTRY--PERSONAL NAME
Personal name Sarmiento, Marygin E.
Relator term author
Holdings
Withdrawn status Lost status Source of classification or shelving scheme Damaged status Not for loan Home library Current library Date acquired Total Checkouts Full call number Barcode Date last seen Date last checked out Copy number Price effective from Koha item type
    Dewey Decimal Classification     ctu-moalboal ctu-moalboal 03/19/2019 1 Fil. 005.5 In43 2018 5916 07/05/2023 03/23/2023 1 02/17/2023 Books-Filipiniana
    Dewey Decimal Classification     ctu-moalboal ctu-moalboal 03/19/2019 1 Fil. 005.5 In43 2018 5917 08/07/2025 03/22/2023 2 02/17/2023 Books-Filipiniana